000 00569nam a2200229Ia 4500
003 OSt
005 20221005123053.0
006 a|||||r|||| 00| 0
007 ta
008 221004b |||||||| |||| 00| 0 mal d
024 _a53209
037 _cTextual
040 _aCRL
_cCRL
_bmal
041 _2mal
_amal
082 _aNS212(S:521), 32G8
100 _aNambiyar
_9633086
245 0 _aKirathamottanthullal
260 _c1938
650 _aDANCE
_936226
942 _hNS212(S:521), 32G8
_cTEXL
_2cc
999 _c1046292
_d1046292